000 00592nam a2200229 a 4500
001 12881
003 BD-JhCC
005 20230531120842.0
008 230531s2019 b |||| |||| 000 0 e d
020 _a9789843464781
035 _a(BD-JhCC)12881
040 _aBD-JhCC
_dBD-JhCC
041 _aeng
082 _a428.1
_bSOL 2019
100 _aSolomon, David
245 _aEnglish Mania-2 :
_bthe touchstone /
_cDavid Solomon
260 _aDhaka :
_bJAB Publication,
_c2019
300 _a224 p. :
_c22 cm.
650 _aEnglish
_vGrammar
650 _aEnglish teaching
942 _2ddc
_cBK
999 _c12881
_d12881